| 000 | 00577nam a2200193 a 4500 | ||
|---|---|---|---|
| 005 | 20240910063918.0 | ||
| 008 | 991125s1992 mx 000 0 spa u | ||
| 020 | _a9686445013 | ||
| 035 | _aUPN01000008155 | ||
| 049 | _aI | ||
| 050 | 4 |
_aPZ36.3 _bE7.28 |
|
| 100 | 1 |
_aErlbruch, Wolf, _d1948- _938038 |
|
| 245 | 1 | 4 |
_aLos cinco horribles / _cWolf Erlbruch ; tr. Silvia Eugenia Costillero. |
| 260 |
_aMéxico : _bPetra : _aSEP, _c1992. |
||
| 300 |
_a[30] p. : _bil. |
||
| 650 | 0 |
_aAnimales _vCuentos y leyendas _9234 |
|
| 650 | 4 |
_aCuentos infantiles alemanes _98589 |
|
| 905 | _aInfantil | ||
| 999 |
_c8155 _d8155 |
||